000 00298nam a22001337a 4500
008 170414b xxu||||| |||| 00| 0 eng d
020 _a9780323045889
041 _aeng
080 _a618
100 _a10
101 _aSHM
245 _aCALCULATION DRUG DOSAGES
_cOGDEN.SH.J
942 _2udc
_cBK
999 _c10810
_d10810